Countries Starting with Double Consonants - Statistics

General Stats
  • This quiz has been taken 51 times
  • The average score is 19 of 23
Answer Stats
Answer % Correct
Switzerland
95%
Chile
92%
France
92%
Slovenia
92%
Spain
92%
Sweden
92%
Croatia
87%
Greece
87%
Brazil
84%
China
84%
Czechia
84%
Thailand
84%
Bhutan
82%
Djibouti
82%
Brunei
79%
Chad
79%
Trinidad
79%
Ghana
76%
Rwanda
76%
Slovakia
76%
Philippines
71%
Grenada
68%
Sri Lanka
68%
No matching quizzes found
Score Distribution
Percent of People with Each Score
Percentile by Number Answered
Your Score History
You have not taken this quiz